000 00744nas a2200241 4500
001 BR8904133
003 BR-BrBNA
005 20231205091653.0
007 ta
008 230509b bl.|||p| |||| 00| 00por d
040 _aBR-BrBNA
_bpor
_cBiblioteca Nacional de Agricultura
041 _a(Pt)
072 _aF62
100 1 _aAndrade, R.R.N.
100 1 _aOliveira, O.F.
100 1 _aFernandes, M.B.
245 1 _aComportamento da cunha (Clitoria ternatea L.)em quatro estadios fisiologicos de crescimento em condicoes de sequeiro
650 _aCUNHA
650 _aCRESCIMENTO
773 0 _tCaatinga (Brazil)
_xISSN 0100-316X
_g(1985), v. 5(1-2) p. 54-59
_wBR8904133
909 _a202311
_bLúcia
_c55
_dLúcia Elande
942 _2AGRIS
_n0
_cANA
999 _c126579
_d126579